[Event "VIE-chT"]
[Site "Hanoi"]
[Date "2023.04.21"]
[Round "6"]
[White "Nguyen, Gia Khanh"]
[Black "Hoang, Canh Huan"]
[Result "0-1"]
[WhiteElo "1271"]
[BlackElo "2382"]
[PlyCount "120"]
[EventDate "2023.04.18"]
[EventType "swiss"]
[EventRounds "9"]
[EventCountry "VIE"]
[SourceTitle "EXT 2024"]
[Source "ChessBase"]
[SourceDate "2023.10.10"]
[SourceVersion "1"]
[SourceVersionDate "2023.10.10"]
[SourceQuality "1"]

1. d4 g6 2. c4 Bg7 3. Nc3 d6 4. Nf3 Nf6 5. e4 0-0 6. Be2 Bg4 7. h3 Bxf3 8. Bxf3 Nfd7 9. Be3 Nc6 10. Qd2 e5 11. d5 Nd4 12. Ne2 Nxf3+ 13. gxf3 f5 14. Qc2 Qh4 15. exf5 Rxf5 16. Qe4 Qf6 17. Ng3 Rxf3 18. Qg4 Nc5 19. Bxc5 dxc5 20. Ne4 Qf8 21. Ng5 Rf4 22. Qg3 Rxc4 23. 0-0 Qd6 24. Ne6 e4 25. Qxd6 cxd6 26. Rab1 Re8 27. Rfe1 Rc2 28. Rxe4 Rxb2 29. Rxb2 Bxb2 30. Nxc5 Rxe4 31. Nxe4 Be5 32. Kf1 Kf7 33. Ke2 Ke7 34. Ke3 h6 35. f4 Bb2 36. Ng3 Bf6 37. Ke4 Bh4 38. Ne2 Kf6 39. Nd4 a6 40. Ne6 Be1 41. Nd4 b5 42. Nc2 Bd2 43. Nd4 Ba5 44. Ne2 Bb6 45. Ng3 Bf2 46. Ne2 b4 47. Nc1 a5 48. Nd3 Bg3 49. Kf3 Bh4 50. Kg4 g5 51. Nb2 Be1 52. Nc4 a4 53. Nxd6 b3 54. Ne4+ Kg7 55. axb3 a3 56. d6 a2 57. d7 Ba5 58. b4 Bb6 59. Nc5 a1Q 60. Ne6+ Kf6 0-1

[Event "VIE-ch U13"]
[Site "Ho Chi Minh City"]
[Date "2022.07.15"]
[Round "7"]
[White "Nguyen, Gia Khanh"]
[Black "Tran, Ngoc Minh Duy"]
[Result "1/2-1/2"]
[WhiteElo "2315"]
[BlackElo "2345"]
[PlyCount "140"]
[EventDate "2022.07.11"]
[EventType "swiss"]
[EventRounds "9"]
[EventCountry "VIE"]
[SourceTitle "EXT 2023"]
[Source "ChessBase"]
[SourceDate "2022.10.05"]
[SourceVersion "1"]
[SourceVersionDate "2022.10.05"]
[SourceQuality "1"]

1. d4 d5 2. Bf4 Nf6 3. e3 c5 4. c3 Nc6 5. Bd3 Qb6 6. Qc1 e6 7. Nd2 cxd4 8. exd4 Be7 9. Ngf3 0-0 10. 0-0 Bd7 11. Ne5 Rfc8 12. Ndf3 Be8 13. Nxc6 Bxc6 14. Ne5 Bb5 15. f3 Bxd3 16. Nxd3 Nd7 17. Qd2 Qb5 18. Rfc1 Nb6 19. Ne5 a5 20. Qd3 Qxd3 21. Nxd3 Na4 22. Rc2 b5 23. Rac1 Nb6 24. b3 Ba3 25. Rb1 f6 26. Bc1 Bd6 27. Be3 Nd7 28. Rbc1 Ba3 29. Re1 Rc6 30. Bc1 Bxc1 31. Rexc1 Rac8 32. a3 e5 33. Ne1 Kf7 34. Kf2 Nb6 35. Ke2 a4 36. bxa4 bxa4 37. dxe5 fxe5 38. Nd3 Ke6 39. Nb4 Rc5 40. Kd3 Nc4 41. Ra1 Nd6 42. Rac1 Nb5 43. c4 Rxc4 44. Rxc4 Rxc4 45. Rxc4 dxc4+ 46. Kxc4 Nxa3+ 47. Kc3 Nb5+ 48. Kc4 Nd4 49. Na2 Nc2 50. Nc3 Ne3+ 51. Kd3 Nxg2 52. Nxa4 Kf5 53. Ke2 Nf4+ 54. Kf2 g5 55. Kg3 h5 56. Nc5 Ne6 57. Nd3 Nd4 58. Nc5 g4 59. fxg4+ hxg4 60. Nb7 Kg5 61. Nc5 Nf5+ 62. Kg2 Kh4 63. Ne4 Nd4 64. Nf2 Nf3 65. Ne4 Ng5 66. Ng3 Ne6 67. Nf5+ Kg5 68. Ng3 Kf4 69. h3 gxh3+ 70. Kxh3 Kf3 1/2-1/2

[Event "VIE-ch U13"]
[Site "Ho Chi Minh City"]
[Date "2022.07.14"]
[Round "6"]
[White "Le, Quang Minh"]
[Black "Nguyen, Gia Khanh"]
[Result "0-1"]
[WhiteElo "2347"]
[BlackElo "2315"]
[PlyCount "108"]
[EventDate "2022.07.11"]
[EventType "swiss"]
[EventRounds "9"]
[EventCountry "VIE"]
[SourceTitle "EXT 2023"]
[Source "ChessBase"]
[SourceDate "2022.10.05"]
[SourceVersion "1"]
[SourceVersionDate "2022.10.05"]
[SourceQuality "1"]

1. e4 e6 2. d4 d5 3. e5 c5 4. c3 Nc6 5. Nf3 Qb6 6. Bd3 cxd4 7. cxd4 Bd7 8. 0-0 Nxd4 9. Nxd4 Qxd4 10. Nc3 a6 11. Qe2 Qb6 12. Kh1 Ne7 13. f4 Nc6 14. f5 Nb4 15. fxe6 Bxe6 16. Bf5 Bxf5 17. Rxf5 Qe6 18. Rf1 0-0-0 19. Bg5 Rd7 20. a3 Nc6 21. b4 Qxe5 22. Qd2 d4 23. Rae1 dxc3 24. Qc1 Bd6 25. Rxe5 Bxe5 26. Bf4 Bf6 27. h3 Re8 28. Rd1 Rde7 29. Bg5 Bxg5 30. Qxg5 Re1+ 31. Rxe1 Rxe1+ 32. Kh2 Ra1 33. Qg4+ Kd8 34. Qxg7 Rxa3 35. Qf8+ Kd7 36. b5 Ne7 37. Qb8 axb5 38. Qxb7+ Kd6 39. Qxb5 Nd5 40. Qb8+ Ke6 41. Qb1 Ke5 42. h4 Kd4 43. h5 h6 44. Qd1+ Kc4 45. Qf1+ Kb4 46. Qd3 Kc5 47. Qb1 Ra4 48. Qb8 Rc4 49. Qa7+ Nb6 50. Qe7+ Kb5 51. Qe5+ Ka6 52. Qe3 c2 53. Qc1 Ka5 54. g4 f6 0-1

[Event "VIE-ch U13"]
[Site "Ho Chi Minh City"]
[Date "2022.07.12"]
[Round "2"]
[White "Nguyen, Gia Khanh"]
[Black "Hoang, Le Minh Bao"]
[Result "1/2-1/2"]
[WhiteElo "2315"]
[BlackElo "2330"]
[PlyCount "57"]
[EventDate "2022.07.11"]
[EventType "swiss"]
[EventRounds "9"]
[EventCountry "VIE"]
[SourceTitle "EXT 2023"]
[Source "ChessBase"]
[SourceDate "2022.10.05"]
[SourceVersion "1"]
[SourceVersionDate "2022.10.05"]
[SourceQuality "1"]

1. d4 c5 2. d5 e6 3. e4 Nf6 4. Nc3 d6 5. h3 exd5 6. exd5 Be7 7. Nf3 0-0 8. Be2 Na6 9. Bxa6 bxa6 10. 0-0 Rb8 11. Ne2 Re8 12. Qd3 Nd7 13. Ng3 Bf6 14. Rb1 Ne5 15. Nxe5 Bxe5 16. b3 Qf6 17. Bd2 Qg6 18. Qxg6 fxg6 19. c4 Bf5 20. Nxf5 gxf5 21. Rfe1 Kf7 22. Kf1 Bf6 23. Rxe8 Rxe8 24. Re1 Rxe1+ 25. Kxe1 Bd8 26. f4 h5 27. g3 Bf6 28. h4 Ke7 29. Ke2 1/2-1/2

[Event "VIE-ch U13"]
[Site "Hanoi"]
[Date "2022.06.15"]
[Round "7"]
[White "Ngo, Tran Trung Hieu"]
[Black "Nguyen, Gia Khanh"]
[Result "1-0"]
[WhiteElo "2364"]
[BlackElo "2353"]
[PlyCount "50"]
[EventDate "2022.06.11"]
[EventType "swiss"]
[EventRounds "9"]
[EventCountry "VIE"]
[SourceTitle "EXT 2023"]
[Source "ChessBase"]
[SourceDate "2022.10.05"]
[SourceVersion "1"]
[SourceVersionDate "2022.10.05"]
[SourceQuality "1"]

1. e4 e6 2. d4 d5 3. exd5 exd5 4. Bd3 Bd6 5. c3 Ne7 6. Ne2 h6 7. Bf4 0-0 8. 0-0 Bxf4 9. Nxf4 Qd6 10. Qf3 c6 11. Nd2 Bf5 12. Bxf5 Nxf5 13. Rae1 Nd7 14. Qg4 Ne7 15. Re3 Nf6 16. Qf3 Ng6 17. Nxg6 fxg6 18. Qg3 Qxg3 19. fxg3 Rfe8 20. Rfe1 Kf7 21. Rxe8 Rxe8 22. Rxe8 Nxe8 23. Kf2 Nd6 24. g4 Ke6 25. Ke3 b6 1-0

[Event "VIE-ch U13"]
[Site "Hanoi"]
[Date "2022.06.13"]
[Round "4"]
[White "Nguyen, Gia Khanh"]
[Black "Hoang, Dinh Duy"]
[Result "1-0"]
[WhiteElo "2353"]
[BlackElo "2370"]
[PlyCount "41"]
[EventDate "2022.06.11"]
[EventType "swiss"]
[EventRounds "9"]
[EventCountry "VIE"]
[SourceTitle "EXT 2023"]
[Source "ChessBase"]
[SourceDate "2022.10.05"]
[SourceVersion "1"]
[SourceVersionDate "2022.10.05"]
[SourceQuality "1"]

1. d4 c5 2. d5 Nf6 3. c4 e6 4. Nc3 d6 5. e4 Be7 6. f4 exd5 7. cxd5 a6 8. a4 Qa5 9. Bd2 Qb4 10. Qc2 Ng4 11. Nf3 Bf6 12. h3 Nh6 13. g4 Nxg4 14. hxg4 Bxg4 15. Be2 h5 16. 0-0-0 b5 17. e5 Bxf3 18. Bxf3 dxe5 19. Nxb5 Qxb5 20. axb5 axb5 21. Qxc5 1-0

[Event "VIE-ch U09"]
[Site "Hai Phong"]
[Date "2018.07.12"]
[Round "8"]
[White "Pham, Dang Minh"]
[Black "Nguyen, Gia Khanh"]
[Result "1-0"]
[WhiteElo "1941"]
[BlackElo "1951"]
[PlyCount "61"]
[EventDate "2018.07.07"]
[EventType "swiss"]
[EventRounds "9"]
[EventCountry "VIE"]
[SourceTitle "EXT 2019"]
[Source "ChessBase"]
[SourceDate "2018.10.10"]
[SourceVersion "1"]
[SourceVersionDate "2018.10.10"]
[SourceQuality "1"]

1. Nf3 Nf6 2. g3 d5 3. Bg2 c5 4. 0-0 g6 5. d4 cxd4 6. Nxd4 Nc6 7. c4 e5 8. Nxc6 bxc6 9. Nc3 Bb7 10. cxd5 Nxd5 11. Qb3 Nxc3 12. Qxb7 Nxe2+ 13. Kh1 Rc8 14. Bxc6+ Rxc6 15. Qxc6+ Qd7 16. Qe4 Bg7 17. Qxe2 0-0 18. Be3 f5 19. Qc4+ Kh8 20. Rad1 Qb7+ 21. Qd5 Qxb2 22. Bc5 Rb8 23. Rb1 Qxb1 24. Rxb1 Rxb1+ 25. Kg2 Rb8 26. Bxa7 Rf8 27. Bc5 Re8 28. a4 h6 29. a5 g5 30. a6 f4 31. a7 1-0